000 00935nam a2200229Ia 4500
005 20240530103837.0
008 140319s1984 xx 000 0 ara d
040 _aGCL /
_cGCL
082 0 4 _a526.9 /
_bم م
100 1 _aمحمد رشاد الدين مصطفى حسين
245 1 0 _aالمساحة التفصيلية والطبوغرافية /
_cتاليف محمد رشاد الدين مصطفى حسين ، محمود حسنى عبدالرحيم
250 _aالاولى
260 _aبيروت :
_bدار الراتب الجامعية،
_c1984
300 _aمتعدد ؛ ص
_c24 سم
490 _aالمكتبة المساحية
_v0
650 0 4 _aالمساحة
650 0 4 _aالمساحة الطبوغرافية
650 0 4 _aالخرائط الطبوغرافية
700 1 _aمحمود حسنى عبدالرحيم
_eمؤلف مشارك
942 _2ddc
_cBK
999 _c42919
_d42919